00660nam a2200217 u 45000010006000000050017000060080041000230200018000640350010000820350021000920400013001130410008001260820008001341000032001422450087001742600035002613000041002966500046003376500029003837000030004127140420260428111027.0960313s1990 eng  a9780818689222 a71404 a(OCoLC)778200733 ccomduadb aeng 4a00110aThayer, Richard H4auteaut10aStandards, guidelines and examples on system and software requirements engineering aEstados Unidos :bIEEE,c1990. axiii, 607 páginas :bilustraciones aIngeniería de programas para computador aIngeniería de sistemas10aDorfman, Merlin4auteaut